Disney Hotels - Statistics

General Stats
  • This quiz has been taken 32 times
  • The average score is 23 of 45
Answer Stats
Location Answer % Correct
Walt Disney World Resort Disney's Grand Floridian Resort & Spa
89%
Walt Disney World Resort Disney's Animal Kingdom Lodge
84%
Walt Disney World Resort Disney's Contemporary Resort
84%
Walt Disney World Resort Disney's Polynesian Village Resort
84%
Disneyland Resort Disneyland Hotel
79%
Walt Disney World Resort Disney's All-Star Movies Resort
79%
Walt Disney World Resort Disney's All-Star Music Resort
79%
Walt Disney World Resort Disney's All-Star Sports Resort
79%
Walt Disney World Resort Disney's Art of Animation Resort
79%
Disneyland Resort Disney's Grand Californian Hotel & Spa
74%
Walt Disney World Resort Disney's Pop Century Resort
74%
Walt Disney World Resort Disney's Fort Wilderness Resort & Campground
68%
Walt Disney World Resort Disney's Port Orleans Resort - Riverside
68%
Walt Disney World Resort Disney's Beach Club Resort
63%
Walt Disney World Resort Disney's Caribbean Beach Resort
63%
Walt Disney World Resort Disney's Coronado Springs Resort
63%
Walt Disney World Resort Disney's Wilderness Lodge
63%
Walt Disney World Resort Disney's Yacht Club Resort
63%
Walt Disney World Resort Disney's Port Orleans Resort - French Quarter
58%
Walt Disney World Resort Disney's Riviera Resort
58%
Disneyland Resort Pixar Place Hotel
58%
O'ahu, Hawaii Aulani, A Disney Resort & Spa
53%
Walt Disney World Resort Disney's BoardWalk Resort
53%
Walt Disney World Resort Disney's Old Key West Resort
53%
Walt Disney World Resort Disney's Saratoga Springs Resort & Spa
53%
Tokyo Disney Resort Tokyo Disney Resort Toy Story Hotel
47%
Shanghai Disney Resort Toy Story Hotel
47%
Disneyland Paris Disneyland Hotel Paris
42%
Shanghai Disney Resort Shanghai Disneyland Hotel
37%
Tokyo Disney Resort Tokyo Disneyland Hotel
37%
Disneyland Paris Disney Hotel New York - The Art of Marvel
32%
Hilton Head Island, South Carolina Disney's Hilton Head Island Resort
32%
Hong Kong Disneyland Hong Kong Disneyland Hotel
32%
Disneyland Paris Disney Sequoia Lodge
26%
Vero Beach, Florida Disney's Vero Beach Resort
26%
Tokyo Disney Resort Tokyo DisneySea Hotel MiraCosta
26%
Disneyland Paris Disney Hotel Cheyenne
21%
Disneyland Paris Disney Hotel Santa Fe
21%
Disneyland Paris Disney Newport Bay Club
21%
Hong Kong Disneyland Disney's Hollywood Hotel
21%
Tokyo Disney Resort Tokyo DisneySea Fantasy Springs Hotel
21%
Hong Kong Disneyland Disney Explorers Lodge
16%
Tokyo Disney Resort Disney Ambassador Hotel
11%
Disneyland Paris Disney Davy Crockett Ranch
11%
Tokyo Disney Resort Tokyo Disney Celebration Hotel
5%
No matching quizzes found
Score Distribution
Percent of People with Each Score
Percentile by Number Answered
Your Score History
You have not taken this quiz